[Event "16. Obert Int. Sant Martí 2014 Grupo B"]
[Site "Barcelona ESP"]
[Date "2014.07.17"]
[Round "5.74"]
[White "Avila Lopez, Joan"]
[Black "Orts Gonzalez, Rafael"]
[Result "0-1"]
[WhiteElo "1704"]
[BlackElo "1700"]
[PlyCount "98"]
[EventDate "2014.07.13"]
[EventType "swiss"]
[EventRounds "9"]
[EventCountry "ESP"]
[Source "lmi"]
[SourceDate "2014.07.13"]

1. d4 d5 2. c4 e6 3. Nf3 b6 4. Nc3 Bb7 5. e3 Ba6 6. b3 Bb4 7. Bd2 c6 8. Be2 Ne7
9. O-O O-O 10. Bd3 f5 11. Ng5 h6 12. Nxe6 Qe8 13. Nxf8 Qxf8 14. Qe2 Nd7 15. c5
Bxd3 16. Qxd3 bxc5 17. a3 Ba5 18. dxc5 Nxc5 19. Qc2 Bc7 20. Rfe1 Qb8 21. f4 Ne4
22. Nxe4 dxe4 23. Bb4 Qf8 24. Rad1 Bd8 25. Rd7 Rc8 26. Red1 c5 27. Bxc5 Qe8 28.
Qc4+ Kh7 29. b4 Bb6 30. Qe6 Bxc5 31. bxc5 Nc6 32. Qxe8 Rxe8 33. Rc7 Na5 34.
Rxa7 Nc4 35. Kf2 Rb8 36. Rc1 Rb2+ 37. Kg3 Nxe3 38. Rg1 Rb3 39. Kf2 Ng4+ 40. Ke2
Rb2+ 41. Kd1 Rb1+ 42. Kc2 Rxg1 43. c6 Rxg2+ 44. Kb3 e3 45. c7 e2 46. c8=Q e1=Q
47. Rc7 Qd1+ 48. Rc2 Qb1+ 49. Ka4 Qxc2+ 0-1

[Event "16. Obert Int. Sant Martí 2014 Grupo B"]
[Site "Barcelona ESP"]
[Date "2014.07.17"]
[Round "5.75"]
[White "Marquez Ramos, Ingrid"]
[Black "Bernat Mor, Juli"]
[Result "0-1"]
[WhiteElo "1700"]
[BlackElo "1700"]
[PlyCount "52"]
[EventDate "2014.07.13"]
[EventType "swiss"]
[EventRounds "9"]
[EventCountry "ESP"]
[Source "lmi"]
[SourceDate "2014.07.13"]

1. d3 d5 2. Nc3 c6 3. Bf4 Nf6 4. Nf3 Nbd7 5. Qd2 Qb6 6. e3 e6 7. d4 Be7 8.
O-O-O O-O 9. h4 a5 10. h5 h6 11. Na4 Qd8 12. c3 b5 13. Nc5 Nxc5 14. dxc5 Ba6
15. Bd3 Re8 16. Bc2 Bxc5 17. Qd3 b4 18. c4 Bxc4 19. Qd2 a4 20. Ne5 Qc8 21. b3
axb3 22. axb3 Bb5 23. Nd3 Ne4 24. Qe2 Nc3 25. Qg4 f5 26. Qf3 Nxd1 0-1

[Event "16. Obert Int. Sant Martí 2014 Grupo B"]
[Site "Barcelona ESP"]
[Date "2014.07.17"]
[Round "5.76"]
[White "Tordera Jumilla, Joaquim"]
[Black "Cervera Lopez, Miguel"]
[Result "0-1"]
[WhiteElo "1700"]
[BlackElo "1700"]
[PlyCount "76"]
[EventDate "2014.07.13"]
[EventType "swiss"]
[EventRounds "9"]
[EventCountry "ESP"]
[Source "lmi"]
[SourceDate "2014.07.13"]

1. e4 c6 2. Bc4 d5 3. Bb3 dxe4 4. d3 Nf6 5. dxe4 Qxd1+ 6. Kxd1 Nxe4 7. Be3 Bf5
8. Nc3 Na6 9. Nxe4 Bxe4 10. a3 Bxg2 11. f3 Bxh1 12. Ke2 e5 13. Kf2 e4 14. Nh3
Bxf3 15. Ng5 Bh5 16. Rd1 Bxd1 17. Nxf7 Bh5 18. Nxh8 Bc5 19. Bc4 Ke7 20. b4
Bxe3+ 21. Kxe3 Rxh8 22. Kxe4 Bg6+ 23. Kd4 Bxc2 24. Kc3 Bd1 25. b5 Nc5 26. Kd2
Rd8+ 27. Kc3 Na4+ 28. Kb4 Rd4 29. bxc6 bxc6 30. h3 Kd6 31. h4 a5+ 32. Kxa5 Rxc4
33. h5 Nc5 34. a4 Nd7 35. Ka6 Kc7 36. a5 Ra4 37. h6 g6 38. Ka7 Rxa5# 0-1

[Event "16. Obert Int. Sant Martí 2014 Grupo B"]
[Site "Barcelona ESP"]
[Date "2014.07.18"]
[Round "6.1"]
[White "Corominas Garrido, Antoni"]
[Black "Hinarejos Montano, Andres"]
[Result "1-0"]
[WhiteElo "2034"]
[BlackElo "1837"]
[PlyCount "119"]
[EventDate "2014.07.13"]
[EventType "swiss"]
[EventRounds "9"]
[EventCountry "ESP"]
[Source "lmi"]
[SourceDate "2014.07.13"]

1. c4 e5 2. Nc3 Nf6 3. g3 Bc5 4. Bg2 O-O 5. d3 a6 6. Nf3 d6 7. O-O h6 8. a3 c6
9. Bd2 Kh8 10. b4 Ba7 11. Ne1 Be6 12. Nc2 Nbd7 13. b5 d5 14. cxd5 Nxd5 15. bxa6
bxa6 16. Nb4 Nb8 17. Ncxd5 cxd5 18. Rc1 a5 19. Na2 Nd7 20. Nc3 Nf6 21. Nb5 Bb6
22. Bc3 e4 23. Qd2 d4 24. Ba1 Bf5 25. Rc4 Be6 26. Rcc1 Qd5 27. Nc7 Bxc7 28.
Rxc7 Qd6 29. Qc1 Rfc8 30. Rxc8+ Rxc8 31. Qb2 exd3 32. exd3 Rc3 33. Rd1 Bf5 34.
Qb5 Rc5 35. Qb7 Bxd3 36. Qxf7 Bf5 37. Qa7 d3 38. Bxf6 gxf6 39. Qa8+ Kg7 40.
Qb7+ Qc7 41. Qf3 d2 42. Rxd2 Re5 43. h3 Qc1+ 44. Rd1 Re1+ 45. Rxe1 Qxe1+ 46.
Kh2 Bg6 47. Qe3 Qd1 48. Qa7+ Bf7 49. Qxa5 Qe2 50. Qa7 Qa2 51. a4 Kg6 52. a5 Bc4
53. Qb6 Kf7 54. Bb7 h5 55. a6 h4 56. a7 hxg3+ 57. Kxg3 Qa3+ 58. Kg2 Qd3 59. Qe3
Qf1+ 60. Kh2 1-0

[Event "16. Obert Int. Sant Martí 2014 Grupo B"]
[Site "Barcelona ESP"]
[Date "2014.07.18"]
[Round "6.2"]
[White "Fabregas Fontanet, Antoni"]
[Black "Cardenas, Fernando Adrian"]
[Result "1/2-1/2"]
[WhiteElo "2051"]
[BlackElo "2060"]
[PlyCount "46"]
[EventDate "2014.07.13"]
[EventType "swiss"]
[EventRounds "9"]
[EventCountry "ESP"]
[Source "lmi"]
[SourceDate "2014.07.13"]

1. e4 c5 2. Nf3 Nc6 3. d4 cxd4 4. Nxd4 Nf6 5. Nc3 e5 6. Nde2 Bb4 7. a3 Ba5 8.
Bg5 h6 9. Bxf6 Qxf6 10. Qd3 O-O 11. f3 b5 12. b4 Bb6 13. Nd5 Qd8 14. Qxb5 Rb8
15. Qa4 f5 16. Ng3 fxe4 17. Nxe4 Nd4 18. Bc4 Kh8 19. O-O-O d6 20. c3 Bd7 21.
Qa6 Bc8 22. Qa4 Bd7 23. Qa6 Bc8 1/2-1/2

[Event "16. Obert Int. Sant Martí 2014 Grupo B"]
[Site "Barcelona ESP"]
[Date "2014.07.18"]
[Round "6.3"]
[White "Fuertes Buisac, Bernat"]
[Black "Molina Hernandez, Albert"]
[Result "1-0"]
[WhiteElo "2082"]
[BlackElo "2004"]
[PlyCount "79"]
[EventDate "2014.07.13"]
[EventType "swiss"]
[EventRounds "9"]
[EventCountry "ESP"]
[Source "lmi"]
[SourceDate "2014.07.13"]

1. d4 Nf6 2. c4 c5 3. d5 b5 4. Qc2 bxc4 5. e4 d6 6. Bxc4 g6 7. h3 Bg7 8. Nf3
Nbd7 9. O-O Nb6 10. Bg5 Rb8 11. Bb5+ Bd7 12. Bxd7+ Nfxd7 13. Nc3 Nc4 14. Rab1
O-O 15. Nd2 Ncb6 16. b3 Re8 17. a4 a6 18. f4 Qc7 19. Ne2 h6 20. Bh4 Nf6 21. Nc4
Nxc4 22. bxc4 Rb4 23. Rxb4 cxb4 24. Bf2 Nd7 25. Nd4 Bxd4 26. Bxd4 Rc8 27. Rc1
f6 28. g4 Kh7 29. h4 Rg8 30. Kh1 Nc5 31. h5 Qd7 32. Rg1 Qxa4 33. hxg6+ Rxg6 34.
Qxa4 Nxa4 35. Ra1 Nc5 36. Bxc5 dxc5 37. Rxa6 Rxg4 38. Ra7 f5 39. Rxe7+ Kg8 40.
e5 1-0

[Event "16. Obert Int. Sant Martí 2014 Grupo B"]
[Site "Barcelona ESP"]
[Date "2014.07.18"]
[Round "6.4"]
[White "Navarro Gutierrez, Andres Camilo"]
[Black "Petit Montes, Marc"]
[Result "1/2-1/2"]
[WhiteElo "2078"]
[BlackElo "2040"]
[PlyCount "77"]
[EventDate "2014.07.13"]
[EventType "swiss"]
[EventRounds "9"]
[EventCountry "ESP"]
[Source "lmi"]
[SourceDate "2014.07.13"]

1. c4 c5 2. Nf3 Nc6 3. Nc3 g6 4. d4 cxd4 5. Nxd4 Bg7 6. e3 Nf6 7. g3 d6 8. Bg2
Bd7 9. O-O O-O 10. b3 a6 11. Bb2 Rb8 12. Qe2 Ne8 13. Rad1 Nc7 14. Rfe1 Nxd4 15.
exd4 e6 16. Ba3 Bc6 17. Ne4 Bxe4 18. Bxe4 b5 19. Bc6 b4 20. Bc1 Qe7 21. d5 Bc3
22. Bd2 Bxd2 23. Rxd2 e5 24. c5 Nb5 25. cxd6 Qxd6 26. Qxe5 Qxe5 27. Rxe5 Rfd8
28. Kf1 Rd6 29. Ke2 Kf8 30. Kd3 f6 31. Re1 Rbd8 32. Rc2 Nc3 33. Kc4 Nxd5 34.
Kc5 Rxc6+ 35. Kxc6 Rc8+ 36. Kxd5 Rxc2 37. Re6 Rxa2 38. Rxf6+ Kg7 39. Rf3
1/2-1/2

[Event "16. Obert Int. Sant Martí 2014 Grupo B"]
[Site "Barcelona ESP"]
[Date "2014.07.18"]
[Round "6.5"]
[White "Lozano Diaz, Antoni"]
[Black "Aprea, Daniele"]
[Result "1/2-1/2"]
[WhiteElo "2015"]
[BlackElo "2077"]
[PlyCount "39"]
[EventDate "2014.07.13"]
[EventType "swiss"]
[EventRounds "9"]
[EventCountry "ESP"]
[Source "lmi"]
[SourceDate "2014.07.13"]

1. d4 e6 2. c4 f5 3. Nf3 Nf6 4. Nc3 Bb4 5. Qb3 a5 6. a3 Bxc3+ 7. Qxc3 O-O 8. g3
d6 9. Bg2 Qe8 10. O-O Nbd7 11. b4 Ne4 12. Qb2 Qh5 13. Nd2 Nxd2 14. Qxd2 axb4
15. Bf3 Qg6 16. Qxb4 Nf6 17. Qd2 e5 18. dxe5 dxe5 19. Bg2 f4 20. Bb2 1/2-1/2

[Event "16. Obert Int. Sant Martí 2014 Grupo B"]
[Site "Barcelona ESP"]
[Date "2014.07.18"]
[Round "6.6"]
[White "Garcia Espelta, Josep"]
[Black "Roche Peris, Eduard"]
[Result "1-0"]
[WhiteElo "2072"]
[BlackElo "1925"]
[PlyCount "51"]
[EventDate "2014.07.13"]
[EventType "swiss"]
[EventRounds "9"]
[EventCountry "ESP"]
[Source "lmi"]
[SourceDate "2014.07.13"]

1. e4 e5 2. Nf3 Nc6 3. Bb5 a6 4. Ba4 Nf6 5. Qe2 Be7 6. c3 b5 7. Bb3 O-O 8. d4
d6 9. h3 h6 10. O-O Bb7 11. d5 Na5 12. Bc2 c6 13. dxc6 Bxc6 14. Rd1 Qc7 15.
Nbd2 Rac8 16. a4 Nc4 17. axb5 Bxb5 18. Bd3 d5 19. exd5 Nxd5 20. Nxc4 e4 21.
Qxe4 Nf6 22. Qe2 Bxc4 23. Bxc4 Qxc4 24. Qxe7 Rfe8 25. Qa3 Qe2 26. Re1 1-0

[Event "16. Obert Int. Sant Martí 2014 Grupo B"]
[Site "Barcelona ESP"]
[Date "2014.07.18"]
[Round "6.7"]
[White "Albert Cristobal, Jorge"]
[Black "Fernandez Martin, Javier"]
[Result "1-0"]
[WhiteElo "1993"]
[BlackElo "2058"]
[PlyCount "29"]
[EventDate "2014.07.13"]
[EventType "swiss"]
[EventRounds "9"]
[EventCountry "ESP"]
[Source "lmi"]
[SourceDate "2014.07.13"]

1. e4 d5 2. d4 dxe4 3. Nc3 Nf6 4. f3 exf3 5. Nxf3 e6 6. Bd3 b6 7. O-O Bb7 8.
Qe2 Bd6 9. Ne5 Nbd7 10. Bg5 a6 11. Bc4 h6 12. Bxf6 Nxf6 13. Nxf7 Qe7 14. Nxh8
O-O-O 15. Ng6 1-0

[Event "16. Obert Int. Sant Martí 2014 Grupo B"]
[Site "Barcelona ESP"]
[Date "2014.07.18"]
[Round "6.8"]
[White "Carrey Abellan, Enric"]
[Black "Liarte Genoves, Sergi"]
[Result "1/2-1/2"]
[WhiteElo "1991"]
[BlackElo "2051"]
[PlyCount "71"]
[EventDate "2014.07.13"]
[EventType "swiss"]
[EventRounds "9"]
[EventCountry "ESP"]
[Source "lmi"]
[SourceDate "2014.07.13"]

1. d4 d5 2. c4 Nc6 3. Nc3 e6 4. Nf3 Bb4 5. a3 Bxc3+ 6. bxc3 Nf6 7. Bg5 h6 8.
Bh4 b6 9. e3 Bb7 10. cxd5 Qxd5 11. Bg3 O-O-O 12. Qc2 Ne4 13. Bd3 Nxg3 14. hxg3
g5 15. Rb1 Qd6 16. a4 f6 17. Nd2 e5 18. Nc4 Qe7 19. O-O h5 20. Rfd1 h4 21. d5
Nb8 22. Bf5+ Nd7 23. d6 cxd6 24. Nxd6+ Kb8 25. Nxb7 Kxb7 26. Qe4+ Kc7 27. a5
Nc5 28. axb6+ axb6 29. Qc4 hxg3 30. fxg3 Rxd1+ 31. Rxd1 Rd8 32. Rxd8 Kxd8 33.
Qg8+ Kc7 34. Qc8+ Kd6 35. Qb8+ Qc7 36. Qf8+ 1/2-1/2

[Event "16. Obert Int. Sant Martí 2014 Grupo B"]
[Site "Barcelona ESP"]
[Date "2014.07.18"]
[Round "6.9"]
[White "Dougas Chavarria, Nestor"]
[Black "Flores Mendoza, Jose Antonio"]
[Result "0-1"]
[WhiteElo "2050"]
[BlackElo "1905"]
[PlyCount "70"]
[EventDate "2014.07.13"]
[EventType "swiss"]
[EventRounds "9"]
[EventCountry "ESP"]
[Source "lmi"]
[SourceDate "2014.07.13"]

1. e4 c6 2. d4 d5 3. Nc3 Nf6 4. e5 Nfd7 5. Bd3 e6 6. f4 c5 7. Nf3 Nc6 8. Be3
Qb6 9. Bb5 cxd4 10. Nxd4 Bb4 11. Bxc6 bxc6 12. a3 Bxc3+ 13. bxc3 c5 14. Nb3 Ba6
15. Rb1 Qc7 16. Qd2 O-O 17. Kf2 f6 18. exf6 Rxf6 19. Rhe1 g5 20. g3 gxf4 21.
Bxf4 Raf8 22. Kg1 Qc6 23. Qg2 e5 24. Na5 Qd6 25. Rbd1 exf4 26. Rxd5 f3 27. Qxf3
Rxf3 28. Rxd6 Nb6 29. Nb3 Rxc3 30. a4 Bc8 31. a5 Nc4 32. Rc6 Rxc2 33. Rxc5 Bb7
34. Rc1 Rg2+ 35. Kh1 Rxg3+ 0-1

[Event "16. Obert Int. Sant Martí 2014 Grupo B"]
[Site "Barcelona ESP"]
[Date "2014.07.18"]
[Round "6.10"]
[White "Minguell Soler, Joan"]
[Black "Gama Corral, Carlos"]
[Result "1-0"]
[WhiteElo "2046"]
[BlackElo "1784"]
[PlyCount "65"]
[EventDate "2014.07.13"]
[EventType "swiss"]
[EventRounds "9"]
[EventCountry "ESP"]
[Source "lmi"]
[SourceDate "2014.07.13"]

1. d4 Nf6 2. c4 e5 3. dxe5 Ng4 4. Bf4 Bb4+ 5. Nd2 Nc6 6. Ngf3 Qe7 7. e3 Ngxe5
8. Be2 Nxf3+ 9. Bxf3 Ne5 10. Be2 g5 11. Bg3 d6 12. O-O Bxd2 13. Qxd2 Bd7 14. b4
h5 15. c5 h4 16. cxd6 cxd6 17. Bxe5 dxe5 18. Rac1 Rc8 19. Rxc8+ Bxc8 20. Rc1
Be6 21. Rc5 h3 22. g3 O-O 23. f4 exf4 24. exf4 gxf4 25. Qxf4 f6 26. Rc7 Bd7 27.
Bc4+ Kg7 28. Bf1 Rc8 29. Rxb7 Rc4 30. Bxc4 Qe1+ 31. Bf1 Qd1 32. Rxa7 Kg8 33.
Qxf6 1-0

[Event "16. Obert Int. Sant Martí 2014 Grupo B"]
[Site "Barcelona ESP"]
[Date "2014.07.18"]
[Round "6.11"]
[White "Cervello Tost, Roger"]
[Black "Pallares Gurrea, Aitor Alexander"]
[Result "1-0"]
[WhiteElo "2084"]
[BlackElo "1956"]
[PlyCount "31"]
[EventDate "2014.07.13"]
[EventType "swiss"]
[EventRounds "9"]
[EventCountry "ESP"]
[Source "lmi"]
[SourceDate "2014.07.13"]

1. e4 e5 2. Nf3 Nc6 3. d4 exd4 4. Bc4 Be7 5. c3 d3 6. Qb3 Na5 7. Bxf7+ Kf8 8.
Qd5 c6 9. Qf5 Nf6 10. e5 d5 11. e6 Nc4 12. Qxd3 h6 13. b3 Nd6 14. Ne5 Nxf7 15.
Nxf7 Qe8 16. Nxh8 1-0

[Event "16. Obert Int. Sant Martí 2014 Grupo B"]
[Site "Barcelona ESP"]
[Date "2014.07.18"]
[Round "6.12"]
[White "Sobrevia Castellar, Lluis"]
[Black "Andreu Termes, Frederic"]
[Result "1-0"]
[WhiteElo "1975"]
[BlackElo "2076"]
[PlyCount "67"]
[EventDate "2014.07.13"]
[EventType "swiss"]
[EventRounds "9"]
[EventCountry "ESP"]
[Source "lmi"]
[SourceDate "2014.07.13"]

1. c4 b6 2. Nf3 Bb7 3. e3 c5 4. Be2 Nf6 5. O-O g6 6. Nc3 Bg7 7. d4 cxd4 8. Nxd4
O-O 9. Bf3 Bxf3 10. Qxf3 Na6 11. Bd2 Nc5 12. Rfd1 e5 13. Nc2 e4 14. Qe2 Qe7 15.
Rab1 Rfd8 16. Nb4 d6 17. Nc6 Qb7 18. Nxd8 Rxd8 19. b4 Ne6 20. Be1 Qc8 21. Nd5
Nxd5 22. cxd5 Nf8 23. Rbc1 Qf5 24. Bc3 Bh6 25. h3 g5 26. Qg4 Qg6 27. Bb2 f5 28.
Qe2 g4 29. g3 gxh3 30. Kh2 f4 31. exf4 Bxf4 32. Rc4 Nd7 33. Qxe4 Qg4 34. Qe6+
1-0

[Event "16. Obert Int. Sant Martí 2014 Grupo B"]
[Site "Barcelona ESP"]
[Date "2014.07.18"]
[Round "6.13"]
[White "Rodriguez Llorens, Jorge"]
[Black "Volart Buil, Jordi"]
[Result "0-1"]
[WhiteElo "2059"]
[BlackElo "1943"]
[PlyCount "102"]
[EventDate "2014.07.13"]
[EventType "swiss"]
[EventRounds "9"]
[EventCountry "ESP"]
[Source "lmi"]
[SourceDate "2014.07.13"]

1. e4 c5 2. Nf3 b6 3. d4 cxd4 4. Nxd4 Bb7 5. Nc3 a6 6. Bg5 Qc7 7. Nd5 Bxd5 8.
exd5 Qe5+ 9. Be3 Qxd5 10. Be2 e5 11. Nf5 Qe6 12. Ng3 f5 13. f4 e4 14. Qd2 Nf6
15. b3 Bc5 16. Bxc5 bxc5 17. Bc4 d5 18. O-O-O g6 19. Bxd5 Nxd5 20. Qxd5 Qxd5
21. Rxd5 Nd7 22. Rhd1 Ra7 23. Rd6 Ke7 24. h4 Rf8 25. h5 Rf6 26. R6d5 Rc7 27.
hxg6 hxg6 28. Nf1 Nb6 29. Ne3 Re6 30. R5d2 Rd7 31. Rxd7+ Nxd7 32. Nd5+ Kd8 33.
c4 Kc8 34. Kd2 Nf6 35. Nxf6 Rxf6 36. Ke3 Kc7 37. g4 Rd6 38. Rh1 Rd3+ 39. Ke2
Rf3 40. gxf5 gxf5 41. Rh6 Rxf4 42. Rxa6 Rh4 43. Ke3 Rh3+ 44. Kf4 Rf3+ 45. Ke5
e3 46. Kd5 Rf4 47. Ra7+ Kb6 48. Rh7 e2 49. Rh6+ Ka5 50. Kxc5 e1=Q 51. b4+ Qxb4+
0-1

[Event "16. Obert Int. Sant Martí 2014 Grupo B"]
[Site "Barcelona ESP"]
[Date "2014.07.18"]
[Round "6.14"]
[White "Ji, Pablo"]
[Black "Garcia Ruiz, Adrian"]
[Result "0-1"]
[WhiteElo "1931"]
[BlackElo "2023"]
[PlyCount "150"]
[EventDate "2014.07.13"]
[EventType "swiss"]
[EventRounds "9"]
[EventCountry "ESP"]
[Source "lmi"]
[SourceDate "2014.07.13"]

1. e4 e6 2. d4 d5 3. Nc3 Nf6 4. exd5 exd5 5. Nf3 c6 6. Bd3 Bg4 7. O-O Be7 8.
Re1 O-O 9. h3 Bh5 10. Be2 Re8 11. Ne5 Bxe2 12. Rxe2 Nbd7 13. Bf4 Nf8 14. Re3
Ne6 15. Bh2 Qb6 16. Rd3 Rad8 17. Kh1 Ne4 18. Bg3 Nxg3+ 19. fxg3 Bd6 20. Ng4 Re7
21. Qd2 Rde8 22. Rf1 f6 23. Ne3 Rd7 24. Nf5 Bb8 25. Re3 Rdd8 26. Rfe1 Nc7 27.
Na4 Qb5 28. Rxe8+ Nxe8 29. Nc5 Bd6 30. Qe3 h6 31. Qe6+ Kh7 32. Nd7 Qa5 33. Ne7
Bxe7 34. Qxe7 Rxd7 35. Qxe8 Qc7 36. Kh2 Rf7 37. Qe6 Qd7 38. Qe2 Kg8 39. a4 Kf8
40. b3 Re7 41. Qd2 Qe8 42. Qb4 Kf7 43. Rxe7+ Qxe7 44. Qd2 Qe4 45. Kg1 Ke7 46.
g4 Ke6 47. Kf2 Kd7 48. Kf1 b6 49. Qd1 c5 50. dxc5 bxc5 51. Qe2 Qf4+ 52. Ke1 Qe5
53. Kd2 Qd4+ 54. Qd3 Qf4+ 55. Qe3 Qb4+ 56. Kd1 Qb6 57. Qd3 Kc6 58. Qg6 Qc7 59.
Qd3 Qb7 60. Qf3 Qb4 61. Kc1 Qe4 62. Kd2 Qd4+ 63. Kc1 c4 64. c3 Qg1+ 65. Kb2
cxb3 66. Kxb3 Qb1+ 67. Ka3 Qe4 68. Qf1 Qe7+ 69. Ka2 Qb7 70. Ka3 Qb6 71. Qf3
Qc5+ 72. Kb3 Qc4+ 73. Ka3 a6 74. h4 Kb6 75. Qg3 Ka5 0-1

[Event "16. Obert Int. Sant Martí 2014 Grupo B"]
[Site "Barcelona ESP"]
[Date "2014.07.18"]
[Round "6.15"]
[White "Salazar Navas, Josep"]
[Black "Palacios Peña, Gerardo"]
[Result "1/2-1/2"]
[WhiteElo "1927"]
[BlackElo "1993"]
[PlyCount "159"]
[EventDate "2014.07.13"]
[EventType "swiss"]
[EventRounds "9"]
[EventCountry "ESP"]
[Source "lmi"]
[SourceDate "2014.07.13"]

1. e4 d5 2. exd5 Qxd5 3. Nc3 Qd6 4. d4 Nf6 5. g3 c6 6. Bg2 Bg4 7. Qd3 e6 8. Bf4
Qb4 9. Nf3 Be7 10. O-O O-O 11. a3 Qb6 12. b4 Bf5 13. Qd2 Nbd7 14. Rfe1 Rfe8 15.
Ne5 Nxe5 16. dxe5 Rad8 17. Qe2 Nd5 18. Nxd5 cxd5 19. c4 dxc4 20. Qxc4 Rc8 21.
Qb3 Qc7 22. Rac1 Qb8 23. Qa4 b6 24. Qd7 Bf8 25. Qb7 a5 26. bxa5 bxa5 27. a4 Bb4
28. Rxc8 Qxc8 29. Rc1 Qxb7 30. Bxb7 h6 31. Rc8 Rxc8 32. Bxc8 Bc3 33. Kg2 g5 34.
Be3 Bxe5 35. Bd2 Bc7 36. Kf3 Bd3 37. h4 gxh4 38. gxh4 Kh7 39. Bb7 Kg6 40. Be4+
Bxe4+ 41. Kxe4 f5+ 42. Kd3 Bb6 43. f3 e5 44. Ke2 Kh5 45. Be1 e4 46. Bg3 exf3+
47. Kxf3 Bd8 48. Be1 Bc7 49. Bf2 Bd6 50. Be1 Bb4 51. Bf2 Kg6 52. Kf4 Bd2+ 53.
Kf3 Kf6 54. Ke2 Bb4 55. Kd3 Ke5 56. h5 f4 57. Bd4+ Kf5 58. Bg7 Kg5 59. Be5 Kxh5
60. Bxf4 Kg6 61. Ke4 h5 62. Kf3 Kf5 63. Bg3 Bc3 64. Ke3 Kg4 65. Kf2 h4 66. Bc7
h3 67. Ke2 Bd4 68. Bh2 Bb6 69. Bd6 Bg1 70. Kf1 Be3 71. Bc7 Bd2 72. Kf2 Bc3 73.
Kg1 Kf5 74. Kh1 Bd2 75. Bb6 Kg4 76. Bc7 Kf3 77. Kg1 h2+ 78. Bxh2 Bf4 79. Bxf4
Kxf4 80. Kf2 1/2-1/2

[Event "16. Obert Int. Sant Martí 2014 Grupo B"]
[Site "Barcelona ESP"]
[Date "2014.07.18"]
[Round "6.16"]
[White "Tadevosyan, Galust"]
[Black "Peiron Lluch, Jose Daniel"]
[Result "1-0"]
[WhiteElo "1843"]
[BlackElo "1990"]
[PlyCount "115"]
[EventDate "2014.07.13"]
[EventType "swiss"]
[EventRounds "9"]
[EventCountry "ESP"]
[Source "lmi"]
[SourceDate "2014.07.13"]

1. e4 d5 2. exd5 Nf6 3. c4 c6 4. Nc3 cxd5 5. d4 Nc6 6. Nf3 Bg4 7. cxd5 Nxd5 8.
Qb3 Bxf3 9. gxf3 e6 10. Qxb7 Qc8 11. Ba6 Ndb4 12. Qxc8+ Rxc8 13. Bxc8 Nc2+ 14.
Kd1 Nxa1 15. d5 exd5 16. Re1+ Kd8 17. Bf5 Bb4 18. Bd2 Nd4 19. Re5 Nxf3 20.
Rxd5+ Ke7 21. Kc1 Rd8 22. Rxd8 Kxd8 23. Be3 Nxh2 24. Kb1 h5 25. Kxa1 Nf3 26.
Be4 Ne5 27. Bxa7 g5 28. a3 Bd6 29. Nb5 Be7 30. Bb6+ Kc8 31. a4 Nc4 32. Bc7 Nd2
33. Bd5 Bc5 34. Bxf7 h4 35. Be6+ Kb7 36. f3 Kc6 37. Bg4 Nc4 38. Bd8 Ne5 39.
Bxg5 Nxg4 40. Bxh4 Ne3 41. Bf2 Nf5 42. Bxc5 Kxc5 43. Ka2 Kb4 44. b3 Kc5 45. Ka3
Ne3 46. b4+ Kc4 47. Nd6+ Kd5 48. Ne4 Kc4 49. b5 Nc2+ 50. Kb2 Nd4 51. b6 Kb4 52.
b7 Nc6 53. Nc3 Ka5 54. Kb3 Kb6 55. Kc4 Kxb7 56. f4 Ne7 57. Kd4 Kb6 58. Nd5+ 1-0

[Event "16. Obert Int. Sant Martí 2014 Grupo B"]
[Site "Barcelona ESP"]
[Date "2014.07.18"]
[Round "6.17"]
[White "Laszczak, Przemyslaw"]
[Black "Perez Garcia, Adria"]
[Result "0-1"]
[WhiteElo "1610"]
[BlackElo "1979"]
[PlyCount "104"]
[EventDate "2014.07.13"]
[EventType "swiss"]
[EventRounds "9"]
[EventCountry "ESP"]
[Source "lmi"]
[SourceDate "2014.07.13"]

1. d4 d5 2. c4 c6 3. Nf3 Nf6 4. Nc3 e6 5. Bg5 Be7 6. Ne5 Nbd7 7. Nxd7 Bxd7 8.
f3 O-O 9. Qc2 dxc4 10. e4 b5 11. a4 Qa5 12. Bd2 Qb6 13. Be3 Qa5 14. Qc1 Qc7 15.
g4 Ne8 16. h4 Qg3+ 17. Ke2 Qc7 18. e5 f6 19. f4 fxe5 20. fxe5 b4 21. Ne4 c5 22.
Bg2 cxd4 23. Bxd4 Rd8 24. Ng5 Bxg5 25. hxg5 Bc6 26. Rxh7 Rxd4 27. Qe3 Rd3 28.
Qc5 Bxg2 29. Rh8+ Kxh8 30. Qxf8+ Kh7 31. g6+ Kxg6 32. Qxe8+ Qf7 33. Qxf7+ Kxf7
34. Rc1 Bf3+ 35. Kf1 Bd5 36. Ke2 Rb3 37. Rc2 Rg3 38. Rc1 Rxg4 39. Rf1+ Ke7 40.
Ke3 Re4+ 41. Kd2 Rxe5 42. Rg1 Kf6 43. Rf1+ Rf5 44. Rg1 g5 45. Ke3 a5 46. Kd4
Rf4+ 47. Kc5 g4 48. Kb5 c3 49. bxc3 bxc3 50. Kxa5 c2 51. Kb5 g3 52. a5 g2 0-1

[Event "16. Obert Int. Sant Martí 2014 Grupo B"]
[Site "Barcelona ESP"]
[Date "2014.07.18"]
[Round "6.18"]
[White "Romero Funieles, Rafael De Jesus"]
[Black "Minhaz, Rashed"]
[Result "0-1"]
[WhiteElo "1939"]
[BlackElo "2086"]
[PlyCount "106"]
[EventDate "2014.07.13"]
[EventType "swiss"]
[EventRounds "9"]
[EventCountry "ESP"]
[Source "lmi"]
[SourceDate "2014.07.13"]

1. e4 e5 2. Nf3 Nc6 3. Bc4 d6 4. h3 Be7 5. c3 Nf6 6. d3 Bd7 7. a4 Na5 8. Ba2 c5
9. Bd2 O-O 10. b4 cxb4 11. cxb4 Nc6 12. b5 Nd4 13. Nxd4 exd4 14. O-O Be6 15.
Bxe6 fxe6 16. Qb3 d5 17. exd5 Qxd5 18. Qxd5 Nxd5 19. Re1 Kf7 20. Na3 Bxa3 21.
Rxa3 Rac8 22. Ra2 Rfd8 23. Ba5 b6 24. Bd2 h6 25. g3 Rd7 26. Kg2 Kf6 27. Re4 Nc3
28. Rf4+ Ke7 29. Rc2 e5 30. Rg4 Kf6 31. f4 Rc5 32. fxe5+ Kxe5 33. Rf4 Nxa4 34.
Rf2 Rxc2 35. Bf4+ Kd5 36. Rxc2 Nc3 37. Rb2 Kc5 38. Bd2 Nxb5 39. Rb4 Nd6 40. Rb1
a5 41. Rc1+ Kd5 42. g4 a4 43. Rb1 b5 44. Bb4 Rb7 45. Rc1 Nc4 46. dxc4+ bxc4 47.
Ba3 c3 48. Kf3 Kc4 49. Re1 d3 50. Re4+ Kb3 51. Re7 Rxe7 52. Bxe7 d2 53. Ke2 Kc2
0-1

[Event "16. Obert Int. Sant Martí 2014 Grupo B"]
[Site "Barcelona ESP"]
[Date "2014.07.18"]
[Round "6.19"]
[White "Castellet Menchon, Didac"]
[Black "Garcia Punzano, Josep Lluis"]
[Result "0-1"]
[WhiteElo "2080"]
[BlackElo "1950"]
[PlyCount "134"]
[EventDate "2014.07.13"]
[EventType "swiss"]
[EventRounds "9"]
[EventCountry "ESP"]
[Source "lmi"]
[SourceDate "2014.07.13"]

1. e4 c5 2. Nf3 d6 3. d4 cxd4 4. Nxd4 Nf6 5. Nc3 g6 6. Be2 Bg7 7. O-O O-O 8.
Bg5 Nc6 9. Nb3 a6 10. f4 Qc7 11. Bf3 Rb8 12. Re1 b5 13. Nd5 Nxd5 14. exd5 Qb6+
15. Kh1 Nd4 16. Bxe7 Re8 17. c3 Nf5 18. Bg5 Bb7 19. Rxe8+ Rxe8 20. g4 Ne3 21.
Qe2 Rc8 22. Qf2 Bxd5 23. Re1 Bxf3+ 24. Qxf3 Nc4 25. Qe4 h6 26. Be7 Re8 27. Nd4
Bf8 28. Nc6 Nd2 29. Qg2 Nc4 30. f5 Ne3 31. Qf3 Nxg4 32. fxg6 fxg6 33. Qd5+ Kg7
34. Bxf8+ Rxf8 35. Qxd6 Qf2 36. Qd4+ Qxd4 37. cxd4 Rf2 38. h3 Rh2+ 39. Kg1 Rxh3
40. Rd1 Rh1+ 41. Kxh1 Nf2+ 42. Kg2 Nxd1 43. b3 Kf6 44. a4 bxa4 45. bxa4 Nc3 46.
a5 Nd5 47. Nb8 Nb4 48. Nd7+ Ke6 49. Ne5 g5 50. Ng4 h5 51. Ne3 Nd5 52. Nc4 Nf4+
53. Kf3 Kd5 54. Ne5 Kxd4 55. Nf7 Ne6 56. Nh6 Kc5 57. Ke4 g4 58. Nf5 Kb4 59. Ke5
Nc5 60. Kf4 Kxa5 61. Ng7 Kb4 62. Nxh5 a5 63. Ng3 a4 64. Ne2 a3 65. Nc1 Kc3 66.
Na2+ Kb2 67. Nb4 Kb3 0-1